Wszystkie piosenki - Miszel - Statystyki

Ogólne statystyki
  • Ten quiz został rozwiązany 118 razy
    85 od ostatniego zresetowania
  • Średni wynik to 29 z 54
Statystyki odpowiedzi
Hint Odpowiedź % Poprawnych
NO FACE dres (feat. Kabe)
92%
Złote Przeboje (z Kabe) Sheraton
84%
Złote Przeboje (z Kabe) Rarara
80%
W stronę światła Ligota
74%
Złote Przeboje (z Kabe) Pronto
72%
Złote Przeboje (z Kabe) Bajlando
70%
Złote Przeboje (z Kabe) Bon Appétit
70%
NO FACE wiesz jak jest
70%
W stronę światła W stronę światła
70%
Złote Przeboje (z Kabe) Do rana
66%
Złote Przeboje (z Kabe) Droga krzyżowa
66%
NO CASE pierwszy dzień zimy
66%
Złote Przeboje (z Kabe) Nieporozumienie
64%
W stronę światła Requiem
64%
EUROTRAP PLATINI
62%
W stronę światła Intro
61%
NO FACE 1997* (feat. Kaz Bałagane)
59%
W stronę światła Gry (feat. Major SPZ & Duke102)
57%
W stronę światła Puzzle
57%
NO FACE fundamenty
56%
NO CASE śnieg
56%
NO FACE zerwany łańcuch
56%
NO FACE cały blok
54%
EUROTRAP PEPE
54%
NO CASE traptosteron (feat. Michał Wiśniewski)
54%
EUROTRAP XAVI
51%
NO FACE hollywood (feat. Buffel & lydek404)
49%
NO CASE konsekwencje
49%
W stronę światła 6 kobiet
48%
NO FACE freestyle mood
48%
NO CASE freestyle mood pt 2 (feat. GIANNI)
48%
W stronę światła God save the queen
48%
NO FACE mortal kombat
48%
NO CASE na dobre i złe (feat. HAŁASTRA)
48%
W stronę światła Nic
48%
NO CASE 200KM/H (feat. Onar)
46%
EUROTRAP CHARISTEAS
46%
NO FACE slide (feat. Kingstep)
46%
W stronę światła Chandre Oram
44%
NO CASE donos (feat. Buffel)
44%
W stronę światła +44 say my name (feat. Oliver Olson)
43%
EUROTRAP ANASTASI (feat. TUZZA)
43%
W stronę światła Molly (feat. Nicole Tymcio)
43%
SUMMER COTTON SUMMER COTTON
43%
W stronę światła Kill me
41%
NO CASE kurtyna
41%
NO FACE realtalk (feat. DJ West)
41%
W stronę światła Progress
39%
NO CASE cały mój świat (feat. Aleshen)
38%
SUMMER COTTON RAINDROPS (feat. Nicole Tymcio)
38%
NO CASE wszystko jest g
34%
SUMMER COTTON HOW BOUT NOW?
28%
SUMMER COTTON TAKE ME HOME
26%
SUMMER COTTON TESTING
23%
Nie znaleziono quizów pasujących do podanych kryteriów
Rozkład punktacji
Procent ludzi z każdym wynikiem
Percentyl według liczby udzielonych odpowiedzi
Twoja historia wyników
Nie rozwiązałeś tego quizu od ostatniego zresetowania